| 000 | 00791nam a2200301 a 4500 | ||
|---|---|---|---|
| 005 | 20210219152951.0 | ||
| 008 | 991125n 000 0 eng u | ||
| 035 | _aUPN01000069537 | ||
| 100 | 1 | _aBelleville, Sylvie | |
| 222 | 0 | _aBRAIN AND LANGUAGE | |
| 245 | 0 | 0 | _aContribution of articulatory rehearsal to short-term memory : evidence from a case of selective disruption |
| 260 | _aEUA | ||
| 300 | _a713-746 | ||
| 362 | 0 | _a1992 Vol. 43, no. 4, nov. | |
| 653 | 0 | _aAFASIA | |
| 653 | 0 | _aCEREBRO | |
| 653 | 0 | _aESCRITURA | |
| 653 | 0 | _aFONOLOGIA | |
| 653 | 0 | _aLENGUAJE | |
| 653 | 0 | _aMEMORIA | |
| 653 | 0 | _aNEUROPSICOLOGIA | |
| 700 | 1 | _aPeretz, Isabelle, | |
| 700 | 1 | _ecoaut. | |
| 700 | 1 | _aArguin, Martin, | |
| 700 | 1 | _ecoaut. | |
| 904 |
_aAC _b007348 |
||
| 905 | _aArticulo | ||
| 999 |
_c65007 _d65007 |
||